| 000 | 00383nam a22001217a 4500 | ||
|---|---|---|---|
| 020 | _a9788184872118 | ||
| 082 |
_a658.3 _bENH |
||
| 245 |
_aEnhancing The People Factor: _bHuman Recourse Issues and Challenges / _cEdited by Anu Singh Lather & Puja Khatari |
||
| 260 |
_aNew Delhi : _bNarosa Publishing House, _c2012. |
||
| 300 |
_a247 p. ; _c24 cm. |
||
| 563 | _aHBK. | ||
| 942 |
_2ddc _cBK |
||
| 999 |
_c594210 _d594210 |
||